000 00535nam a2200217Ia 4500
005 20250425160736.0
008 250425s9999 xx 000 0 und d
020 _a0471279269
041 _aeng
082 _a621.3819582
100 _aSPANIOL, OTTO
245 0 _aCOMPUTER ARTIMETIC: LOGIC AND DESIGN
250 _a1ST ED.
260 _aCHICHESTER
260 _aReino Unido
_bJOHN WILEY
_c1981
300 _a280
650 _aCOMPUTACION-ELECTRONICA DIGITAL
650 _aDISEÑOS LOGICOS
942 _c01
010 _a4070
999 _c195241
_d195241